[Event "Campeonato Nacional da 1ª divisão"]
[Site "Torres Vedras"]
[Date "2011.07.26"]
[Round "4.6"]
[White "Marques, Rui Filipe Pereira"]
[Black "Andres Gonzalez, Ivan"]
[Result "0-1"]
[WhiteElo "2135"]
[BlackElo "2331"]
[PlyCount "60"]
[EventDate "2011.07.23"]

1. e4 c5 2. c3 d5 3. exd5 Qxd5 4. d4 Nc6 5. Nf3 Nf6 6. Be3 cxd4 7. cxd4 e6 8.
Nc3 Qd6 9. Bd3 Be7 10. a3 O-O 11. O-O b6 12. Qe2 Bb7 13. Rad1 Rac8 14. Rfe1 Nd5
15. Nxd5 Qxd5 16. Bc4 Qh5 17. d5 Na5 18. Ba6 Bxd5 19. Bxc8 Rxc8 20. Bf4 Nb3 21.
Ng5 Qxe2 22. Rxe2 h6 23. Nf3 g5 24. Be3 Bf6 25. h3 Rc4 26. Ne1 Kg7 27. Nd3 Nd4
28. Bxd4 Rxd4 29. Rdd2 Bc4 30. Nc1 Bxe2 0-1

[Event "Campeonato Nacional da 1ª divisão"]
[Site "Torres Vedras"]
[Date "2011.07.26"]
[Round "4.6"]
[White "Cruz, Paulo Alexandre Rosa"]
[Black "Vasques, José Cláudio de Sous"]
[Result "1-0"]
[WhiteElo "1831"]
[BlackElo "2078"]
[PlyCount "75"]
[EventDate "2011.07.23"]

1. e4 g6 2. Nc3 Bg7 3. g3 Nc6 4. Bg2 d6 5. Nge2 e5 6. O-O Nge7 7. d3 O-O 8. Be3
a6 9. Qd2 Bd7 10. h3 h5 11. f4 Nd4 12. Nd1 Qc8 13. Kh2 c5 14. Ng1 Kh7 15. c3
Ndc6 16. Nf3 f6 17. d4 cxd4 18. cxd4 Bh6 19. Rc1 Qd8 20. d5 Na7 21. Qb4 Rc8 22.
Rxc8 Naxc8 23. Qxb7 Bb5 24. Rf2 Qd7 25. Qxd7 Bxd7 26. Rc2 Bb5 27. Rc7 Rd8 28.
Nc3 Be8 29. Bf1 Rd7 30. Rxd7 Bxd7 31. Bxa6 g5 32. fxg5 fxg5 33. Bxg5 Bxg5 34.
Nxg5+ Kg6 35. Nf3 Na7 36. Nd2 Kf6 37. Nc4 Nec8 38. b4 1-0

[Event "Campeonato Nacional da 1ª divisão"]
[Site "Torres Vedras"]
[Date "2011.07.26"]
[Round "4.7"]
[White "Rocha, Sérgio "]
[Black " Garcia Romero, Benjamin "]
[Result "1-0"]
[WhiteElo "2412"]
[BlackElo "2255"]
[PlyCount "165"]
[EventDate "2011.07.23"]

1. c4 e5 2. g3 Nf6 3. Bg2 c6 4. d4 Bb4+ 5. Bd2 Bxd2+ 6. Qxd2 d6 7. Nc3 O-O 8.
e4 Qe7 9. Nge2 Be6 10. b3 Re8 11. O-O Bg4 12. f3 Bh5 13. Rae1 Nfd7 14. h4 f6
15. Bh3 Nf8 16. d5 Na6 17. Kh2 Nc7 18. Nd1 Red8 19. Ne3 Ne8 20. Rf2 Kh8 21. Rg1
Bf7 22. g4 Qc7 23. g5 fxg5 24. Rxg5 h6 25. Rg3 cxd5 26. exd5 Qe7 27. Nf5 Qf6
28. Nc3 Bg6 29. Ne4 Qf7 30. Nxh6 Qf4 31. Qxf4 exf4 32. Rxg6 Nxg6 33. Nf7+ Kg8
34. Nxd8 Rxd8 35. h5 Ne5 36. Ng5 Nf6 37. Ne6 Rb8 38. Nxf4 b5 39. cxb5 Rxb5 40.
Kg3 Kh7 41. Rd2 Kh6 42. Rd4 a5 43. Bf1 Rb4 44. Bc4 Rb7 45. Nd3 Nxh5+ 46. Kf2
Ng6 47. Re4 Nf8 48. Re8 Rf7 49. Rd8 Rf6 50. Ke3 Ng3 51. Nf2 Nf5+ 52. Kd2 Rf7
53. Bd3 Nd4 54. Rxd6+ Kg5 55. Ra6 Rxf3 56. Nd1 Nd7 57. Rg6+ Kf4 58. Rxg7 Nc5
59. Bc2 Ke5 60. Rg5+ Kd6 61. Rh5 Rg3 62. Rh6+ Kd7 63. Rg6 Ncxb3+ 64. axb3 Nxb3+
65. Ke1 Rxg6 66. Bxg6 Kd6 67. Nc3 Ke5 68. Kd1 Nc5 69. Bb1 Nd7 70. Ba2 Kd4 71.
Kd2 Nc5 72. Nb5+ Ke5 73. Kc3 Na6 74. Kc4 Nb4 75. Nc3 Kd6 76. Bb3 Na6 77. Kd4
Kc7 78. Bc4 Nb4 79. Kc5 Nc2 80. Nb5+ Kd7 81. Nd4 Ne3 82. Bb5+ Kd8 83. d6 1-0

[Event "Campeonato Nacional da 1ª divisão"]
[Site "Torres Vedras"]
[Date "2011.07.26"]
[Round "4.7"]
[White "Retortillo, Enrique Gallardo"]
[Black "Dâmaso, Rui"]
[Result "1/2-1/2"]
[WhiteElo "2149"]
[BlackElo "2371"]
[PlyCount "36"]
[EventDate "2011.07.23"]

1. d4 d6 2. c4 e5 3. Nf3 e4 4. Ng5 f5 5. g3 Be7 6. Nh3 c6 7. Nc3 Nf6 8. Bg2 O-O
9. O-O Na6 10. Rb1 Nc7 11. b4 Be6 12. c5 Nfd5 13. Nxd5 Nxd5 14. Qc2 Bf6 15. Nf4
Qe7 16. Nh3 Qd8 17. Nf4 Qe7 18. Nh3 Qd8 1/2-1/2

[Event "Campeonato Nacional da 1ª divisão"]
[Site "Torres Vedras"]
[Date "2011.07.26"]
[Round "4.7"]
[White "Carapau, Fernando Manuel Luca"]
[Black "Ulyanovskyy, Volodimir "]
[Result "0-1"]
[WhiteElo "1862"]
[BlackElo "2090"]
[PlyCount "98"]
[EventDate "2011.07.23"]

1. Nf3 c5 2. b3 Nf6 3. Bb2 e6 4. e3 Be7 5. Be2 O-O 6. O-O b6 7. d4 d6 8. c4 Bb7
9. dxc5 bxc5 10. Nc3 a6 11. Qc2 Qc7 12. a3 Nc6 13. Rfd1 Rab8 14. Rab1 Rfc8 15.
Bd3 h6 16. Ne4 Nxe4 17. Bxe4 Na5 18. Bxb7 Rxb7 19. Bc3 Rcb8 20. Nd2 Nc6 21. e4
Bf8 22. Rb2 Ne7 23. Nf3 Qc6 24. Nd2 Qc7 25. b4 cxb4 26. axb4 Nc6 27. Rdb1 Rc8
28. Qa4 Nb8 29. b5 axb5 30. Rxb5 Rxb5 31. Rxb5 Nd7 32. Bd4 Nc5 33. Bxc5 dxc5
34. Qb3 Ra8 35. Qb2 Rd8 36. Qc2 Qd7 37. Rb2 Be7 38. g3 Bf6 39. Ra2 Bd4 40. Nf3
e5 41. Qd2 Qg4 42. Kg2 Qxe4 43. Ra5 Rb8 44. Ra4 Rb3 45. Qd1 Rd3 46. Qb1 Qxf3+
47. Kh3 Qf5+ 48. Kh4 g5+ 49. Kh5 Qh3# 0-1

[Event "Campeonato Nacional da 1ª divisão"]
[Site "Torres Vedras"]
[Date "2011.07.26"]
[Round "4.8"]
[White "Silva, António Augusto Maga"]
[Black "Pires, Gustavo Martins Pere"]
[Result "1-0"]
[WhiteElo "2222"]
[BlackElo "2050"]
[PlyCount "131"]
[EventDate "2011.07.23"]

1. c4 Nf6 2. g3 c6 3. Bg2 d5 4. Nf3 dxc4 5. Qc2 b5 6. b3 cxb3 7. axb3 e6 8. O-O
Be7 9. Bb2 O-O 10. Nd4 Bb7 11. Nxb5 Qb6 12. N5a3 c5 13. Nc4 Qc7 14. f3 Nc6 15.
Nc3 Nd4 16. Qd1 a6 17. Na5 Rab8 18. e3 Nb5 19. Nxb5 axb5 20. Nxb7 Qxb7 21. f4
Qb6 22. Ra2 Rbd8 23. Bc3 b4 24. Be5 Rd3 25. Qc2 Rd7 26. Qc4 Ng4 27. Ba1 Ra7 28.
Rxa7 Qxa7 29. h3 Nf6 30. Bb2 Rd8 31. Ra1 Qd7 32. Bc1 Nd5 33. Ra6 h6 34. Kh2 Nf6
35. Ra8 Rxa8 36. Bxa8 Qa7 37. Bg2 Qa2 38. g4 Qa7 39. Kg1 Qd7 40. Kf2 Nd5 41.
Ke2 Qc6 42. Be4 Qd7 43. Qa6 Bf8 44. Bb2 Qd8 45. Be5 Nf6 46. Bc6 Nd5 47. Qa8
Qxa8 48. Bxa8 Be7 49. Kd3 Kf8 50. Bxd5 exd5 51. e4 dxe4+ 52. Kxe4 f6 53. Bc7 c4
54. bxc4 b3 55. Kd3 Bb4 56. f5 Ke7 57. Bf4 Kd7 58. Be3 Kd6 59. Bd4 Kc6 60. Ke2
Bc5 61. Bb2 Bb4 62. d4 Kd6 63. Kd3 Kc6 64. Bc1 Be1 65. Ba3 Bb4 66. Bxb4 1-0

[Event "Campeonato Nacional da 1ª divisão"]
[Site "Torres Vedras"]
[Date "2011.07.26"]
[Round "4.8"]
[White "Andias, João Pedro Menezes"]
[Black "Arauz Alonso, Fernando"]
[Result "1-0"]
[WhiteElo "1891"]
[BlackElo "2123"]
[PlyCount "65"]
[EventDate "2011.07.23"]

1. e4 c6 2. Nc3 d5 3. Nf3 Bg4 4. h3 Bxf3 5. Qxf3 e6 6. d3 Nd7 7. g4 g6 8. Bg2
Bg7 9. O-O Ne7 10. Qg3 Qb6 11. Kh1 O-O 12. f4 f5 13. gxf5 exf5 14. exd5 Nxd5
15. Nxd5 cxd5 16. Bxd5+ Kh8 17. c3 Nf6 18. Bf3 Rae8 19. Qg2 Re7 20. Qc2 Rfe8
21. Bd2 Qd6 22. Rae1 Nd5 23. Qa4 a6 24. Qxe8+ Rxe8 25. Rxe8+ Bf8 26. Rxf8+ Qxf8
27. Bxd5 Qd8 28. c4 Kg7 29. Kg2 Kh6 30. Re1 Qd7 31. Bb4 Qa4 32. Bf8+ Kh5 33.
Bf3+ 1-0

[Event "Campeonato Nacional da 1ª divisão"]
[Site "Torres Vedras"]
[Date "2011.07.26"]
[Round "4.8"]
[White "Mansilla Tolosa, Luis"]
[Black "Aguiar, Henrique Rui Neves"]
[Result "0-1"]
[WhiteElo "2073"]
[BlackElo "1938"]
[PlyCount "62"]
[EventDate "2011.07.23"]

1. b3 Nf6 2. Bb2 g6 3. g3 Bg7 4. Bg2 O-O 5. e4 d6 6. Ne2 Nc6 7. O-O e5 8. d4
Bd7 9. d5 Ne7 10. c4 g5 11. Qd2 g4 12. Nbc3 Ng6 13. b4 h5 14. Nd1 Nh7 15. f4
gxf3 16. Bxf3 h4 17. g4 Ng5 18. Ne3 Bh6 19. Kg2 Nxf3 20. Kxf3 Qf6+ 21. Kg2 Qg5
22. Bc1 Bxg4 23. Kh1 Qxe3 24. Qxe3 Bxe3 25. Bxe3 Bxe2 26. Rf2 Bxc4 27. Rg1 c6
28. dxc6 bxc6 29. Bg5 Bd3 30. Rg4 f5 31. exf5 Bxf5 0-1

[Event "Campeonato Nacional da 1ª divisão"]
[Site "Torres Vedras"]
[Date "2011.07.26"]
[Round "4.8"]
[White "Valente, João"]
[Black "Saraiva, Tânia"]
[Result "0-1"]
[WhiteElo "1581"]
[BlackElo "1963"]
[PlyCount "59"]
[EventDate "2011.07.23"]

1. e4 c5 2. Nc3 Nc6 3. f4 d6 4. Bb5 Bd7 5. Bxc6 Bxc6 6. Nf3 Nf6 7. d3 b5 8. O-O
b4 9. Ne2 g6 10. Qe1 Bg7 11. Qh4 Nd7 12. f5 Ne5 13. Rb1 d5 14. Nxe5 Bxe5 15.
Qf2 Qd6 16. Bf4 Bxf4 17. Nxf4 dxe4 18. dxe4 O-O-O 19. a3 Bxe4 20. axb4 cxb4 21.
Ra1 a6 22. Qe2 gxf5 23. Rxa6 Qc5+ 24. Kh1 Rhg8 25. Rf2 Rd7 26. Nd3 Qc4 27. Ra5
Bxd3 28. Qxd3 Rxd3 29. Raxf5 f6 30. h3 0-1

[Event "Campeonato Nacional da 1ª divisão"]
[Site "Torres Vedras"]
[Date "2011.07.27"]
[Round "5.1"]
[White "Buhmann, Rainer"]
[Black "Tivyakov, Sergey Nikolayevich"]
[Result "1/2-1/2"]
[WhiteElo "2582"]
[BlackElo "2623"]
[PlyCount "26"]
[EventDate "2011.07.23"]

1. Nf3 Nf6 2. c4 b6 3. g3 Bb7 4. Bg2 g6 5. O-O Bg7 6. d4 O-O 7. Nc3 Ne4 8. Nxe4
Bxe4 9. Be3 d6 10. Qd2 e6 11. Bh6 Nd7 12. Bxg7 Kxg7 13. Rfd1 a5 1/2-1/2

[Event "Campeonato Nacional da 1ª divisão"]
[Site "Torres Vedras"]
[Date "2011.07.27"]
[Round "5.1"]
[White "Korneev, Oleg"]
[Black "Spraggett, Kevin Barry"]
[Result "1-0"]
[WhiteElo "2588"]
[BlackElo "2573"]
[PlyCount "75"]
[EventDate "2011.07.23"]

1. e4 Nf6 2. e5 Nd5 3. d4 d6 4. Nf3 g6 5. Bc4 c6 6. O-O Bg7 7. exd6 Qxd6 8. Re1
O-O 9. Nbd2 Bg4 10. h3 Bxf3 11. Nxf3 e6 12. Bb3 b5 13. Bg5 Nd7 14. Bh4 Rfe8 15.
Bg3 Qf8 16. a4 a6 17. c3 N5f6 18. Qe2 b4 19. a5 bxc3 20. bxc3 c5 21. Bc4 Nd5
22. Rec1 cxd4 23. cxd4 Nb4 24. Rcb1 Nf6 25. Ra4 Nfd5 26. Qe1 Nc6 27. Bxd5 exd5
28. Qf1 Re4 29. Qd3 Qe8 30. Rb6 Ne5 31. dxe5 Rxa4 32. Qxd5 Rd8 33. Rd6 Rxd6 34.
exd6 Qd7 35. Ne5 Bxe5 36. Bxe5 Qd8 37. d7 Rxa5 38. Qxa5 1-0

[Event "Campeonato Nacional da 1ª divisão"]
[Site "Torres Vedras"]
[Date "2011.07.27"]
[Round "5.1"]
[White "Heberla, Bartlomiej Zdzilaw"]
[Black "Ftacnik, Lubomir"]
[Result "1/2-1/2"]
[WhiteElo "2539"]
[BlackElo "2556"]
[PlyCount "62"]
[EventDate "2011.07.23"]

1. e4 c5 2. Nf3 d6 3. d4 cxd4 4. Nxd4 Nf6 5. Nc3 e6 6. g4 h6 7. h3 Nc6 8. Bg2
Be7 9. Be3 Ne5 10. f4 Nc4 11. Bf2 e5 12. Nde2 exf4 13. Nxf4 O-O 14. Qe2 Ne5 15.
O-O-O Be6 16. Nxe6 fxe6 17. Bg3 Qa5 18. Qb5 Qxb5 19. Nxb5 Ne8 20. Rhf1 a6 21.
Nd4 Nc7 22. Bxe5 dxe5 23. Nf3 Rad8 24. c3 Bf6 25. a4 a5 26. Rxd8 Rxd8 27. Rd1
Rxd1+ 28. Kxd1 Na6 29. Nd2 Nc5 30. Nc4 Nxa4 31. Kc2 Bd8 1/2-1/2

[Event "Campeonato Nacional da 1ª divisão"]
[Site "Torres Vedras"]
[Date "2011.07.27"]
[Round "5.1"]
[White "Pereira, Ruben"]
[Black "Luch, Michal"]
[Result "1/2-1/2"]
[WhiteElo "2436"]
[BlackElo "2413"]
[PlyCount "77"]
[EventDate "2011.07.23"]

1. e4 e6 2. d3 d5 3. Qe2 Nc6 4. Nf3 e5 5. g3 dxe4 6. dxe4 Bc5 7. Bg2 Nf6 8. O-O
O-O 9. Nc3 Bg4 10. Qc4 Bb6 11. Nd5 Nxd5 12. exd5 Nd4 13. Nxd4 exd4 14. Bf4 Re8
15. Rfe1 Re7 16. Qb4 Rxe1+ 17. Rxe1 Rc8 18. Qa4 Qd7 19. Qxd7 Bxd7 20. Re7 Bf5
21. d6 cxd6 22. Bxb7 Rd8 23. Re2 Bc5 24. Bd5 Kf8 25. Kg2 Rb8 26. b3 d3 27. cxd3
Bxd3 28. Rd2 Bf5 29. Kf3 Ke7 30. Be3 Rc8 31. Re2 Be6 32. Be4 h5 33. Rc2 Bg4+
34. Kf4 Kf6 35. h4 Be6 36. Bxc5 dxc5 37. Bb7 Rc7 38. Ba6 Rd7 39. Ke3 1/2-1/2

[Event "Campeonato Nacional da 1ª divisão"]
[Site "Torres Vedras"]
[Date "2011.07.27"]
[Round "5.2"]
[White "Strikovic, Aleksa"]
[Black "Gonzalez Perez, Arian"]
[Result "1/2-1/2"]
[WhiteElo "2573"]
[BlackElo "2490"]
[PlyCount "69"]
[EventDate "2011.07.23"]

1. Nf3 Nf6 2. g3 g6 3. b3 Bg7 4. Bb2 O-O 5. Bg2 d6 6. d4 c5 7. O-O cxd4 8. Nxd4
d5 9. c4 dxc4 10. Na3 cxb3 11. Qxb3 Qb6 12. Nc4 Qxb3 13. axb3 Nbd7 14. Na5 Nc5
15. Rfc1 Ne6 16. e3 Ne8 17. Nxb7 Nxd4 18. Bxd4 Bxd4 19. exd4 Bxb7 20. Bxb7 Rb8
21. Rxa7 Nd6 22. Bd5 e6 23. Bc4 Rfd8 24. Rd1 Nb5 25. Bxb5 Rxb5 26. Rd3 Rdb8 27.
Rf3 Rf5 28. Rc3 Rd8 29. Rd3 Rc8 30. Ra2 Rd5 31. Ra7 Rf5 32. Kg2 Rc2 33. Rf3
Rxf3 34. Kxf3 Rc3+ 35. Ke4 1/2-1/2

[Event "Campeonato Nacional da 1ª divisão"]
[Site "Torres Vedras"]
[Date "2011.07.27"]
[Round "5.2"]
[White "Ferreira, Jorge João Viterbo"]
[Black "Galego, Luis Miguel Araújo B"]
[Result "1/2-1/2"]
[WhiteElo "2327"]
[BlackElo "2474"]
[PlyCount "81"]
[EventDate "2011.07.23"]

1. e4 c5 2. Nf3 a6 3. c4 Nc6 4. d4 cxd4 5. Nxd4 e5 6. Nc2 Bc5 7. Nc3 d6 8. Be2
Nge7 9. O-O O-O 10. Nd5 Nxd5 11. exd5 Nd4 12. Rb1 a5 13. Be3 Nxc2 14. Bxc5 Nb4
15. Bxb4 axb4 16. Qb3 Qa5 17. Ra1 Qc5 18. a3 bxa3 19. Rxa3 Rxa3 20. bxa3 Bf5
21. Qxb7 Qxa3 22. Qb6 Rc8 23. Qe3 Qb2 24. Re1 g6 25. Bf1 Kg7 26. h3 h5 27. Rc1
Rc5 28. Qc3 Qxc3 29. Rxc3 Ra5 30. h4 e4 31. f3 Kf6 32. fxe4 Bxe4 33. Re3 Ke5
34. Rb3 Ra1 35. Kf2 Ra2+ 36. Kg1 Ra1 37. Kf2 Ra2+ 38. Kg1 Ra7 39. Rb6 f6 40.
Rb8 Ra1 41. Kf2 1/2-1/2

[Event "Campeonato Nacional da 1ª divisão"]
[Site "Torres Vedras"]
[Date "2011.07.27"]
[Round "5.2"]
[White "Lima, Darcy Gustavo Machad"]
[Black "Viela, André Filipe Folha"]
[Result "1/2-1/2"]
[WhiteElo "2493"]
[BlackElo "2241"]
[PlyCount "177"]
[EventDate "2011.07.23"]

1. d4 e6 2. c4 d5 3. Nc3 Be7 4. Nf3 Nf6 5. g3 O-O 6. Bg2 dxc4 7. Ne5 c5 8. dxc5
Qxd1+ 9. Nxd1 Bxc5 10. Nc3 Nbd7 11. Nxc4 Nb6 12. Be3 Bxe3 13. Nxe3 Rb8 14. Nb5
Bd7 15. Nd6 Nbd5 16. Nec4 Rfd8 17. Ne5 Be8 18. Nxe8 Rxe8 19. Rc1 Rbc8 20. O-O
Kf8 21. Nc4 Red8 22. Na5 b6 23. Nc6 Rd7 24. e4 Rdc7 25. exd5 Nxd5 26. Nxa7 Rxc1
27. Nxc8 Rxc8 28. Be4 Rc4 29. Re1 Rb4 30. Re2 Rd4 31. a3 g6 32. Kf1 Rd1+ 33.
Re1 Rd2 34. Re2 Rd1+ 35. Re1 Rd2 36. Rb1 Rd4 37. Bc2 Rd2 38. Rc1 Rd4 39. Ke2
Rc4 40. Kd2 Rc8 41. Be4 Rd8 42. Ke2 Ke7 43. Rc6 Nf6 44. Bf3 Rd6 45. Rc7+ Rd7
46. Rc8 Rd8 47. Rc7+ Rd7 48. Rc8 Rd8 49. Rxd8 Kxd8 50. Kd3 Kc7 51. Kc4 Ne8 52.
a4 Nd6+ 53. Kd4 f6 54. Bg4 f5 55. Be2 Nf7 56. b4 Kd6 57. Kc4 e5 58. Kb5 Kc7 59.
Ka6 Nd6 60. a5 bxa5 61. Kxa5 Ne4 62. f4 Nc3 63. Bc4 e4 64. b5 e3 65. b6+ Kb7
66. Ba6+ Kc6 67. b7 Kc7 68. Kb4 e2 69. Bxe2 Nxe2 70. Kc4 Kxb7 71. Kd5 Ng1 72.
Ke6 Nf3 73. h3 Ng1 74. h4 Ne2 75. h5 Nxg3 76. h6 Nh5 77. Kf7 g5 78. fxg5 f4 79.
g6 f3 80. gxh7 f2 81. h8=Q f1=Q+ 82. Ke7 Qe2+ 83. Kd6 Qd3+ 84. Kc5 Qf5+ 85. Kb4
Qf4+ 86. Kb3 Qe3+ 87. Ka2 Qd2+ 88. Qb2+ Qxb2+ 89. Kxb2 1/2-1/2

[Event "Campeonato Nacional da 1ª divisão"]
[Site "Torres Vedras"]
[Date "2011.07.27"]
[Round "5.2"]
[White "Oliveira, Carlos "]
[Black "Vassalo Barroche, Maurício "]
[Result "0-1"]
[WhiteElo "2189"]
[BlackElo "2416"]
[PlyCount "78"]
[EventDate "2011.07.23"]

1. d4 c5 2. d5 g6 3. c4 Bg7 4. e4 d6 5. Nc3 Nf6 6. Bd3 O-O 7. Nge2 e6 8. O-O
exd5 9. exd5 a6 10. h3 Nbd7 11. f4 b5 12. cxb5 Nb6 13. bxa6 Bxa6 14. Bxa6 Rxa6
15. f5 Qa8 16. fxg6 hxg6 17. Nf4 Na4 18. Nfe2 Nb6 19. Nf4 Re8 20. Qf3 Nc4 21.
Nd3 Qb7 22. Bg5 Nh7 23. Bf4 Nf6 24. Bg5 Nh7 25. Bf4 Rf8 26. Rab1 g5 27. Bxg5
Nxg5 28. Qg4 Bd4+ 29. Kh1 f6 30. Rfe1 Qg7 31. Nb5 Ne3 32. Qg3 Ne4 33. Nc7 Rxa2
34. Ne6 Kf7 35. Nxf8 Kxf8 36. Nf4 Kf7 37. Ra1 Nxg3+ 38. Kh2 Rxa1 39. Rxa1 Nef1+
0-1

[Event "Campeonato Nacional da 1ª divisão"]
[Site "Torres Vedras"]
[Date "2011.07.27"]
[Round "5.3"]
[White "Johannessen, Leif Erlend"]
[Black "Camacho Collados, Marcos"]
[Result "1-0"]
[WhiteElo "2496"]
[BlackElo "2404"]
[PlyCount "101"]
[EventDate "2011.07.23"]

1. d4 Nf6 2. c4 g6 3. Nc3 Bg7 4. e4 d6 5. f3 O-O 6. Bg5 Nbd7 7. Qd2 c5 8. Nge2
h5 9. d5 a6 10. Nc1 Nh7 11. Bh4 Ne5 12. Be2 f5 13. exf5 Bxf5 14. O-O Rf7 15. h3
Qf8 16. f4 Nd7 17. g4 Bd4+ 18. Bf2 hxg4 19. hxg4 Bxc3 20. Qxc3 Be4 21. Bg3 Qh6
22. Bh2 g5 23. Nd3 gxf4 24. Nxf4 Ng5 25. Nh5 Nf6 26. Qe3 Nxh5 27. Rxf7 Kxf7 28.
gxh5 Rg8 29. Kf2 Ke8 30. Rf1 Qf6+ 31. Ke1 Qxb2 32. Bf4 Qb1+ 33. Kf2 Qb2 34.
Bxg5 Qe5 35. Rg1 Rf8+ 36. Ke1 Qa1+ 37. Qc1 Qxa2 38. Rf1 Rxf1+ 39. Kxf1 Qb3 40.
Qe3 Qb1+ 41. Kf2 Qh1 42. Qg3 Qa1 43. Qe3 Qh1 44. Bd3 Qh2+ 45. Ke1 Qh1+ 46. Kd2
Qh2+ 47. Kc1 Qh1+ 48. Kb2 Qg2+ 49. Ka3 b5 50. Bxe4 b4+ 51. Kb3 1-0

[Event "Campeonato Nacional da 1ª divisão"]
[Site "Torres Vedras"]
[Date "2011.07.27"]
[Round "5.3"]
[White "Diogo, Vasco André Marçalo"]
[Black "Dias, Paulo Jorge Guimarãe"]
[Result "0-1"]
[WhiteElo "2299"]
[BlackElo "2434"]
[PlyCount "98"]
[EventDate "2011.07.23"]

1. e4 e5 2. Nf3 Nc6 3. d4 exd4 4. Nxd4 Nf6 5. Nxc6 bxc6 6. e5 Qe7 7. Qe2 Nd5 8.
c4 Ba6 9. Nd2 g6 10. b3 Bg7 11. Bb2 O-O 12. O-O-O Rae8 13. Nf3 f6 14. Qd2 Nb6
15. exf6 Bxf6 16. Bd3 d5 17. Rhe1 Qg7 18. c5 Bxd3 19. cxb6 Be4 20. bxa7 Bxf3
21. gxf3 Ra8 22. Re6 Bxb2+ 23. Qxb2 Rxa7 24. Qxg7+ Kxg7 25. Rxc6 Rxf3 26. Rd2
Rf6 27. Rdc2 Rxc6 28. Rxc6 Rxa2 29. Rxc7+ Kf6 30. Rc2 Ra7 31. Kd2 Ke5 32. Kd3
Rb7 33. Re2+ Kf4 34. Rb2 g5 35. b4 Rb5 36. Kc3 g4 37. Kb3 Ke4 38. Ka4 Rb8 39.
b5 Kd3 40. Kb4 d4 41. Ra2 h5 42. Ra3+ Ke2 43. Ra2+ Ke1 44. Kc4 d3 45. Kxd3 Rxb5
46. h4 Rb3+ 47. Ke4 Rf3 48. Ra5 Kxf2 49. Rxh5 g3 0-1

[Event "Campeonato Nacional da 1ª divisão"]
[Site "Torres Vedras"]
[Date "2011.07.27"]
[Round "5.3"]
[White "Andrade, José Manuel Vieira"]
[Black "Garcia Rodriguez, Victor"]
[Result "1-0"]
[WhiteElo "2249"]
[BlackElo "2222"]
[PlyCount "45"]
[EventDate "2011.07.23"]

1. e4 e5 2. Nf3 Nc6 3. Bc4 Bc5 4. c3 d6 5. d4 exd4 6. cxd4 Bb6 7. Bg5 Nge7 8.
Nc3 O-O 9. h3 Kh8 10. O-O f6 11. Be3 Qe8 12. g4 Ng6 13. a3 Be6 14. Bxe6 Qxe6
15. d5 Qd7 16. dxc6 bxc6 17. Bxb6 axb6 18. Nd4 h5 19. f4 Nh4 20. f5 g5 21. fxg6
Rg8 22. Rf5 Nxg6 23. Rxh5+ 1-0

[Event "Campeonato Nacional da 1ª divisão"]
[Site "Torres Vedras"]
[Date "2011.07.27"]
[Round "5.3"]
[White "Guerreiro, Nuno Ricardo de Jesu"]
[Black "Leite, Catarina dos Anjos d"]
[Result "0-1"]
[WhiteElo "2070"]
[BlackElo "2165"]
[PlyCount "42"]
[EventDate "2011.07.23"]

1. e4 e5 2. Nf3 Nf6 3. Bd3 Nc6 4. b3 d5 5. exd5 Nxd5 6. h3 Nf4 7. Bf1 e4 8. d4
exf3 9. Bxf4 Qxd4 10. Qxd4 Nxd4 11. Kd2 Bf5 12. Bxc7 Rc8 13. c3 Rxc7 14. cxd4
Bb4+ 15. Ke3 O-O 16. a3 Bd6 17. Kxf3 Re8 18. Bb5 Be4+ 19. Kg4 Re6 20. f3 Rg6+
21. Kh5 Rxg2 0-1

[Event "Campeonato Nacional da 1ª divisão"]
[Site "Torres Vedras"]
[Date "2011.07.27"]
[Round "5.4"]
[White "Garcia - Ortega Mendez, Jose Manuel"]
[Black "Rocha, Sérgio Manuel Colaço"]
[Result "1/2-1/2"]
[WhiteElo "2358"]
[BlackElo "2412"]
[PlyCount "28"]
[EventDate "2011.07.23"]

1. Nf3 d5 2. d4 Nf6 3. c4 e6 4. e3 Be7 5. Nbd2 Nbd7 6. Bd3 a6 7. b3 c5 8. cxd5
exd5 9. Bb2 b5 10. dxc5 Nxc5 11. Be2 O-O 12. O-O Be6 13. Nd4 Qb6 14. Rc1 Rfc8
1/2-1/2

[Event "Campeonato Nacional da 1ª divisão"]
[Site "Torres Vedras"]
[Date "2011.07.27"]
[Round "5.4"]
[White "Dâmaso, Rui"]
[Black "Cabezas Ayala, Iván Rafael"]
[Result "1/2-1/2"]
[WhiteElo "2371"]
[BlackElo "2336"]
[PlyCount "28"]
[EventDate "2011.07.23"]

1. Nf3 Nf6 2. g3 g6 3. b3 Bg7 4. Bb2 O-O 5. Bg2 d6 6. d4 e5 7. dxe5 Nfd7 8. Nc3
dxe5 9. e4 Re8 10. O-O c6 11. Nd2 Nb6 12. Nf3 N6d7 13. Nd2 Nb6 14. Nf3 N6d7
1/2-1/2

[Event "Campeonato Nacional da 1ª divisão"]
[Site "Torres Vedras"]
[Date "2011.07.27"]
[Round "5.4"]
[White "Neves, Pedro Alexandre Maia"]
[Black "Ulyanovskyy, Viktor"]
[Result "1/2-1/2"]
[WhiteElo "2198"]
[BlackElo "2307"]
[PlyCount "67"]
[EventDate "2011.07.23"]

1. Nf3 c5 2. g3 Nc6 3. Bg2 g6 4. O-O Bg7 5. c4 e6 6. Nc3 Nge7 7. d4 cxd4 8. Nb5
O-O 9. Nfxd4 Nxd4 10. Nxd4 d5 11. cxd5 Nxd5 12. e4 Nb6 13. Nb3 Bd7 14. Qe2 Qe8
15. Rd1 Bb5 16. Qe1 Nc4 17. Nd4 Ba6 18. Bf1 Rd8 19. Bxc4 Bxc4 20. Be3 b6 21.
Qb4 Ba6 22. Bg5 f6 23. Be3 Rf7 24. Qb3 Rfd7 25. Rd2 Kh8 26. Rad1 e5 27. Ne6
Rxd2 28. Rxd2 Rxd2 29. Bxd2 Bb7 30. Nxg7 Kxg7 31. Qd3 Qa4 32. b3 Qxe4 33. Qd7+
Kg8 34. Qe8+ 1/2-1/2

[Event "Campeonato Nacional da 1ª divisão"]
[Site "Torres Vedras"]
[Date "2011.07.27"]
[Round "5.4"]
[White "Ulyanovskyy, Volodimir  Viktorovi"]
[Black "Figuero Toro, Julian Francisco"]
[Result "0-1"]
[WhiteElo "2090"]
[BlackElo "2226"]
[PlyCount "122"]
[EventDate "2011.07.23"]

1. e4 c5 2. Nf3 g6 3. c4 Bg7 4. d4 cxd4 5. Nxd4 Nc6 6. Be3 Nf6 7. Nc3 d6 8. Be2
O-O 9. O-O Bd7 10. Qd2 Nxd4 11. Bxd4 Bc6 12. f3 Nd7 13. Bxg7 Kxg7 14. Kh1 a5
15. f4 a4 16. Rae1 Kg8 17. Rf2 Qa5 18. Bf1 Rfe8 19. Rfe2 Nb6 20. Qd4 e5 21.
Qxd6 Nxc4 22. Qd3 Rad8 23. Qg3 exf4 24. Qxf4 Qe5 25. Qxe5 Nxe5 26. Nd5 Kg7 27.
Nb4 Bb5 28. Rc2 Bxf1 29. Rxf1 Rd4 30. Nd5 Nc4 31. Rcf2 f5 32. Nc7 Re7 33. Nb5
Red7 34. Nc3 Nd2 35. Re1 Nxe4 36. Nxe4 Rd1 37. Rff1 Rxe1 38. Rxe1 fxe4 39. Kg1
Rd4 40. Kf2 Rd2+ 41. Kg3 Rxb2 42. Rxe4 b5 43. Re7+ Kf6 44. Rb7 Ke5 45. h4 h5
46. Rb6 b4 47. Rxg6 Rxa2 48. Rg5+ Kf6 49. Rxh5 b3 50. Rb5 b2 51. Kf4 a3 52.
Rb6+ Ke7 53. g4 Ra1 54. Kg5 b1=Q 55. Rg6 Qxg6+ 56. Kxg6 Rh1 57. h5 a2 58. h6
a1=Q 59. Kh7 Kf7 60. g5 Qb1+ 61. Kh8 Qb8+ 0-1

[Event "Campeonato Nacional da 1ª divisão"]
[Site "Torres Vedras"]
[Date "2011.07.27"]
[Round "5.5"]
[White "Picard, Romain Antoine"]
[Black "Appel, Ralf"]
[Result "0-1"]
[WhiteElo "2351"]
[BlackElo "2522"]
[PlyCount "58"]
[EventDate "2011.07.23"]

1. e4 Nf6 2. e5 Nd5 3. Nc3 Nxc3 4. bxc3 d6 5. f4 c5 6. d4 dxe5 7. fxe5 Nc6 8.
Nf3 e6 9. Bd3 Be7 10. O-O cxd4 11. Qe1 dxc3 12. Qg3 Bd7 13. Qxg7 Qb6+ 14. Kh1
O-O-O 15. Bh6 Nb4 16. Bxh7 Ba4 17. Qxf7 Rd7 18. Qg7 Qd8 19. Be4 Bxc2 20. Bxc2
Nxc2 21. Rab1 Na3 22. Rbc1 c2 23. Qg6 Qg8 24. Qxg8+ Rxg8 25. Ne1 Rc7 26. Rf2
Bc5 27. Re2 Bd4 28. Nxc2 Bb2 29. Rd1 Nxc2 0-1

[Event "Campeonato Nacional da 1ª divisão"]
[Site "Torres Vedras"]
[Date "2011.07.27"]
[Round "5.5"]
[White "Carneiro, Carlos Alberto Carva"]
[Black "Hennig, Dirk"]
[Result "1/2-1/2"]
[WhiteElo "2278"]
[BlackElo "2396"]
[PlyCount "71"]
[EventDate "2011.07.23"]

1. d4 g6 2. c4 Bg7 3. Nc3 c5 4. e3 Nf6 5. Nf3 O-O 6. Be2 cxd4 7. exd4 d5 8. c5
Nc6 9. O-O Ne4 10. h3 e5 11. dxe5 Nxc3 12. bxc3 Nxe5 13. Nd4 Bd7 14. Rb1 Bc6
15. Bb5 Qa5 16. Bxc6 bxc6 17. Qb3 Rfe8 18. Qa3 Qxa3 19. Bxa3 Nc4 20. Bc1 Re4
21. Rd1 Rae8 22. Nxc6 Re1+ 23. Rxe1 Rxe1+ 24. Kh2 Bf8 25. Nb4 Bxc5 26. Nxd5
Bd6+ 27. g3 Nd2 28. Rb7 Rxc1 29. Nf6+ Kf8 30. Nxh7+ Kg7 31. Ng5 Rxc3 32. Rxf7+
Kg8 33. Rf6 Bc5 34. Rxg6+ Kf8 35. Kg2 Nc4 36. h4 1/2-1/2